000 00680nam a22002055i 4500
001 152683
003 ES-MaACL
005 20250804012338.0
008 051018s1895 sz | |||||||| ||fre d
040 _aCAM
_bspa
_cCAM
100 1 _aBreitinger, Heinrich.
_9126158
245 1 4 _aLes unités d'Aristote avant le Cid de Corneille
_b: étude de littérature comparée /
_cpar H. Breitinger.
250 _a2e éd.
260 _aGenève et Bale :
_bGeorg & C., libraires-éditeurs,
_c1895.
300 _a79 p. ;
_c19 cm.
600 0 7 _aAristóteles
_2embne
_922861
700 0 _aCorneille, Pierre.
_940602
852 _aES-MaACL
_j1533-F-18
_z-- Rúst.
999 _c152683
_d152683